1784 1355 1114 1794 1177 1298 1743 1788 1314 1813 1106 1492 1807 1332 1852 1470 1661 1197 1734 1714 1390 1439 1846 1630 1556 1732 1570 1118 1819 1840 1185 1306 1135 1621 1494 1779 1345 1016 1444 1350 1089 1662 1306 1035 1230 1796 1184 1261 1605 1187 1216 1983 1184 1753 1646 1628 1184 1394 1069 1616 1304 1715 1513 1808 1858 1216 1961 1635 1197 1774 1490 1579 1692 1166 1403 1060 1193 1195 1751 1825 1998 1682 1239 1103 1705 1280 1279 1869 1832 1733 1817 1942 1569 1718 1140 1928 1584 1095 1927 BCNSPRNW ULIB Ver.6.0+V

เปลี่ยนเป็นภาษาไทย

Change to English
 แสดงรายละเอียดบรรณานุกรม
  กลับหน้าหลัก

Brief Record : Get Marc (ISO 2709) : E-mail record : QR code < ปิดหน้าต่าง
LEADER : 00000nam 2200000uu 4500
001    13399128833
003     ULIB
008    241009s2565||||th 000 0 tha d
020 ^- ^a9786162962677
050 ^- ^aBJ 1528.T5^bก137ค
100 0^ ^aกมลวรรณ คารมปราชญ์ คล้ายแก้ว
245 10 ^aคุณธรรมจริยธรรมในสังคมไทยยุค 4.0 : แนวคิด ทฤษฎี งานวิจัย และแนวทางการพัฒนา /^cกมลวรรณ คารมปราชญ์ คล้ายแก้ว.
250 ^- ^aพิมพ์ครั้งที่ 1.
260 ^- ^aกรุงเทพฯ :^bสำนักงานนวัตกรรมการเรียนรู้ มหาวิทยาลัยศรีนครินทรวิโรฒ,^c2565.
300 ^- ^a264 หน้า :^bตาราง, แผนภาพ ;^c26 ซม.
650 ^4 ^aจริยธรรมแง่สังคม
650 ^4 ^aคุณธรรมแง่สังคม
650 ^4 ^aมนุษย์กับสังคม
945    ^p299^l0^i011046
945    ^p299^l0^i011047
945    ^p299^l0^i011048
999    ^aประนอม เกษจรัล
รายการนี้ยังไม่มีแท็ก
คุณยังไม่ได้ล็อกอิน คุณสามารถมีกิจกรรมร่วมกับเว็บไซต์ได้ แต่ต้องล็อกอินก่อน ::
  ล็อกอิน

รายการสื่อสารสนเทศ

ลำดับที่ ประเภท เลขเรียก/บาร์โค้ด สถานที่ สถานะ
1. การศึกษาทั่วไป
หนังสือสำรอง
สถานะ=หนังสือสำรอง
BJ 1528.T5 ก137ค ฉ.1 
  Barcode: 011046
ห้องสมุดวิทยาเขตสวรรค์ประชารักษ์
►หนังสือทั่วไป
บนชั้น
2. การศึกษาทั่วไป
การศึกษาทั่วไป
BJ 1528.T5 ก137ค ฉ.2 
  Barcode: 011047
ห้องสมุดวิทยาเขตสวรรค์ประชารักษ์
►หนังสือทั่วไป
บนชั้น
3. การศึกษาทั่วไป
การศึกษาทั่วไป
BJ 1528.T5 ก137ค ฉ.3 
  Barcode: 011048
ห้องสมุดวิทยาเขตสวรรค์ประชารักษ์
►หนังสือทั่วไป
บนชั้น

BibComment


ยังไม่เคยถูกคอมเมนท์

คอมเมนท์ทรัพยากรรายการนี้
  คอมเมนท์: คุณธรรมจริยธรรมใ..


 Copyright 2026. Bcnsprnw @Library